000 00611nam a2200181Ia 4500
008 090124s9999 xx 000 0 und d
082 _b4511
100 _aखांडेकर विष्णु सखाराम
245 _a विदय़ुत प्रकाश
250 _a0
260 _c1937
300 _a162
600 _aखांडेकर विष्णु सखाराम
630 _a विदय़ुत प्रकाश
700 _aखांडेकर विष्णु सखाराम
730 _a विदय़ुत प्रकाश
942 _cBOOK
999 _c83657
_d83657